000 00662nam a2200277 a 4500
003 AR-BaBNM
005 20251128203357.0
008 082120s2002 ||||||||||||||000 | spa||
040 _cAR-BaBNM
100 0 _aEurípides
245 0 0 _aOrestes ;
_bMedea ; Andrómaca
250 _a2ª ed.
260 _aBuenos Aires
_bEspasa-Calpe
_c1947
300 _a166 p.
490 0 _aAustral
650 4 _aLITERATURA GRIEGA
650 4 _aTRAGEDIA
650 4 _aTEATRO ANTIGUO
650 4 _aARTE ANTIGUO
650 4 _aMITOLOGIA
650 4 _aRELIGION
655 _aLITERATURA
700 1 _aGómez de la Mata, G.
_etraductor
942 _cBK
998 _cMARTIN
999 _c3107
_d3107